| 000 | 00729nam a2200217Ia 4500 | ||
|---|---|---|---|
| 008 | 140429s9999 xx 000 0 und d | ||
| 020 | _a9781849058025 | ||
| 050 |
_aBF 242 _b.M56 2011 |
||
| 100 | _aMindick, Nancy L. | ||
| 245 |
_aUnderstanding facial recognition difficulties in children : _bprosopagnosia management strategies for parents and professionals / _cNancy L. Mindick. |
||
| 260 |
_aLondon : _bJessica Kingsley Publishers, _cc2011. |
||
| 300 |
_a142 p. : _c25 cm. |
||
| 440 | _a(JKP essentials series). | ||
| 500 | _aIncludes bibliographical references and indexes. | ||
| 521 | _aEDUC | ||
| 650 | _aChild. | ||
| 650 | _aFace perception. | ||
| 650 | _aProsopagnosia. | ||
| 942 |
_kFOR _cBK |
||
| 999 |
_c115673 _d115673 |
||